MARC

LEADER 00000nam0a2200000 4500
001 27090
005 20231030202017.0
010 |a 5932080329 
035 |a (RuTPU)RU\TPU\book\27338 
035 |a BOOK00000024 
090 |a 27090 
100 |a 20011209d2001 m y0rusy50 ca 
101 0 |a rus 
102 |a RU 
105 |a a j 000zy 
200 1 |a Механика. Основные законы  |e учебное пособие для вузов  |f И. Е. Иродов 
205 |a 5-е изд., испр. 
210 |a Москва  |c Физматлит  |d 2001 
215 |a 320 с.  |c ил. 
225 1 |a Технический университет 
451 1 |0 (RuTPU)RU\TPU\book\97718  |y 5-94774-196-2  |t Механика. Основные законы  |o учебное пособие для вузов  |f И. Е. Иродов  |e 7-е изд., стереотип.  |c М.  |n БИНОМ. Лаборатория знаний  |d 2005  |p 310 с.  |a Иродов, Игорь Евгеньевич 
451 1 |0 (RuTPU)RU\TPU\book\22244  |y 5-93208-032-9  |t Механика. Основные законы  |o учебное пособие  |f И. Е. Иродов  |e 5-е изд., испр.  |c М.  |n Физматлит  |d 2000  |p 320 с.  |s Технический университет  |a Иродов, Игорь Евгеньевич 
610 1 |a физика 
610 1 |a механика 
610 1 |a основные законы 
610 1 |a релятивистская механика 
610 1 |a теория 
610 1 |a примеры 
610 1 |a задачи 
610 1 |a решения 
610 1 |a учебные пособия 
675 |a 531(075.8)  |v 3 
700 1 |a Иродов  |b И. Е.  |g Игорь Евгеньевич 
801 0 |a RU  |b 63413507  |c 20011209  |g PSBO 
801 2 |a RU  |b 63413507  |c 20131108  |g PSBO 
942 |c BK